00619nam a2200181Ia 4500952014700000999001700147003000400164005001700168008004100185040000900226082002200235100002700257245004600284260003500330300000900365650001300374942005000387 00102ddc40708SSaMESbMEScMALd2019-02-20g180.00l1m2o894.812301 RAD/Tp21897r2019-12-10 00:00:00s2019-10-31w2019-02-20yBKzGR30R3 c27567d27567OSt20210101095259.0190216s9999||||xx |||||||||||||| ||und|| coclc a894.812301bRAD/T aRadhakrishnan, C96488 0aThiranjedutha Kathakal /cC Radhakrishnan bHi Tech Books, aKochi:c1996. a397p aKathakal cBK2ddch894.812301iRAD/Tk894.812301mRAD/T